000 00637nam a2200181Ia 4500
008 100920s9999 xx 000 0 und d
082 _b102642
_a51 न 08
100 _aआपराद आशा.
245 _aभोगले जे दु:ख त्याला.
260 _bमेहता पब्लिशिंग हाऊस,पुणे.
_c2008
300 _a275
_bसाधी
365 _b220
520 _aचरित्र.
630 _aभोगले जे दु:ख त्याला.
650 _aचरित्र.
730 _aभोगले जे दु:ख त्याला.
942 _cBOOK
999 _c743074
_d743071